Statistiche per Classifica Scarpa d'Oro 2015

Clicka qui per fare il quiz!

Statistiche generali

  • Questo quiz è stato fatto 16 volte
  • Il punteggio medio è 11 su 16

Statistiche sulle risposte

GolCoefficiente UEFAPuntiNazioneSquadraCalciatore% Corretto
22x244FranciaAtletico MadridAntoine Griezmann
100%
48x296PortogalloReal MadridCristiano Ronaldo
100%
43x286ArgentinaBarcellonaLionel Messi
100%
22x244BrasileBarcellonaNeymar
100%
26x252ArgentinaManchester CitySergio Agüero
100%
21x242InghilterraTottenhamHarry Kane
94%
20x240ArgentinaJuventusCarlos Tévez
81%
22x244ItaliaHellas VeronaLuca Toni
81%
22x244ArgentinaInterMauro Icardi
75%
27x1,540,5FranciaOlympique LioneAlexandre Lacazette
63%
20x240Brasile / SpagnaChelseaDiego Costa
63%
20x240ColombiaSivigliaCarlso Bacca
38%
28x1,542IsraeleMaccabi Tel AvivEran Zahavi
38%
21x242ColombiaPortoJackson Martínez
38%
20x240BrasileBenficaJonas
31%
31x1,546,5SpagnaRed Bull SalisburgoJonathan Soriano
13%

Distribuzione punteggi

Percentile per numero di risposta

Percentuale di utenti per punteggio

I tuoi punteggi nel tempo

Non hai fatto questo quiz